000 01378cam a2200325 a 4500
999 _c23650
_d23650
001 14695939
003 NUST
005 20170531115353.0
008 070112s2007 vaua b 001 0 eng
010 _a 2007001438
020 _a9781563478758 (alk. paper)
020 _a1563478757 (alk. paper)
035 _a(OCoLC)ocm78072255
035 _a(OCoLC)78072255
040 _aDLC
_cRCMS
_dYDX
_dBAKER
_dBTCTA
_dYDXCP
_dDLC
050 0 0 _aTL573
_b.Z64 2007
082 0 0 _a629.1/1 ZIP
_223
100 1 _aZipfel, Peter H.
_91706
245 1 0 _aModeling and simulation of aerospace vehicle dynamics /
_cPeter H. Zipfel.
250 _a2nd ed.
260 _aReston, Va. :
_bAmerican Institute of Aeronautics and Astronautics,
_cc2007.
300 _axxii, 567 p. :
_bill. ;
_c24 cm.
440 0 _aAIAA education series
_91422
504 _aIncludes bibliographical references and index.
538 _iShelf No 1 Row No 2
650 0 _aAerodynamics
_xMathematics.
_91707
650 0 _aAirplanes
_xMathematical models.
_91708
650 0 _aSpace vehicles
_xDynamics
_xMathematical models.
_91709
856 4 1 _3Table of contents only
_uhttp://www.loc.gov/catdir/toc/ecip078/2007001438.html
906 _a7
_bcbc
_corignew
_d1
_eecip
_f20
_gy-gencatlg
942 _2ddc
_cBK